Mythologie et litterature a rome : la reecriture des mythes aux 1ers siôcles avant et aprôs j.-c. /

Guardado en:
Autor Principal: Fabre-serris, Jacqueline
Formato: Libro
Publicado: Paris : Payots Lausanne, 1998
Series:Sciences Humaines
Materias:
Etiquetas: Agregar Etiqueta
Sin Etiquetas, Sea el primero en etiquetar este registro!
LEADER 00675nam a22002175a 4500
001 EHU.bham025921
003 AR-BHAM
005 20110317152443.0
008 130507s1998##################000#0#####d
082 8 7 |a 870.9 
100 1 |a Fabre-serris, Jacqueline 
245 1 0 |a Mythologie et litterature a rome :  |b la reecriture des mythes aux 1ers siôcles avant et aprôs j.-c. /  |c Jacqueline Fabre-serris 
260 |a Paris :  |b Payots Lausanne,  |c 1998 
300 |a 271 p. 
490 0 |a Sciences Humaines 
653 |a Literatura 
653 |a Roma 
653 |a Mito 
653 |a Mito-roma 
653 |a Literatura latina 
859 |a AR-BHAM  |b BIB. HUMANIDADES - General  |h 870.9  |i F114  |p 534.03  |t Ej.1